Quizzes
Events
Quiz Creation
Community
Videos
Private Events
Remove Ads
Sign In
Join for FREE
Feedback
Dark Mode
Quiz Categories
Sports
Geography
Music
Movies
Television
Just For Fun
Miscellaneous
History
Literature
Language
Science
Gaming
Entertainment
Religion
Holiday
For Kids
Quiz Lab
Recent
Popular Today
Quiz Kudos Today
Editor Picks
Curator Picks
Quizzes by...
Day
Popularity
Type
Ratings
Length
Year
Community
Subscriptions
Recent Discussions
Orange Saloon
Badges
Playlists
Quests
Create
Leaderboards
Showdown
Live 5
Trivia Bingo
Activity
Puzzle Library
Sporcle Events
Private Events
Virtual Trivia
Globe League
Become a Host
Pub Owners
SporcleCon
Opinionation
Our Games
Videos
Blog
Mobile Apps
Partnerships
Remove Ads and Go Orange
Feedback
Geography
Country
Landmarks
City
State
Population
World
Capital
Continent
Flags
Europe
Africa
Asia
South America
North America
Oceania
Border
Canada
United Kingdom
Topography
United States
Geography
Country
Landmarks
City
State
Population
World
Capital
Continent
Flags
Europe
Africa
Asia
South America
North America
Oceania
Border
Canada
United Kingdom
Topography
United States
Random Quiz
Search Sporcle
×
Quiz Lab
Quiz Lab
Geography
Capital
Type in answers that appear in a list
Type in answers that appear in a list
Classic
Best Score? Go Orange.
Fashion Capitals of the World Stats
Can you name the Fashion Capitals of the World according to the Global Language Monitor?
By
France
5m
40 Questions
7,014 Plays
7,014 Plays
7,014 Plays
Comments
Comments
Give Quiz Kudos
Give Quiz Kudos
-
- Ratings
hide this ad
Replay
Link that replays current quiz
Next Quiz
Link to next quiz in quiz playlist
You Got
0%
They Got
Avg Score
49%
Avg Friend Score
Upgrade to see
Score Distribution
Jump to the score distribution portion of the page
Score
0/40
Timer
05:00
0
Plays Today
Continent
City
% Correct
Europe
Paris, France
97.9%
North America
New York, United States
97.7%
Europe
London, United Kingdom
89.9%
Europe
Milan, Italy
89.4%
North America
Los Angeles, United States
85.7%
Asia
Tokyo, Japan
83.9%
Europe
Rome, Italy
77.6%
Oceania
Sydney, Australia
69.6%
Europe
Madrid, Spain
66.4%
Europe
Berlin, Germany
66.4%
North America
Miami, United States
61%
Asia
Hong Kong, China
61%
Europe
Barcelona, Spain
57.7%
North America
Toronto, Canada
56.8%
Europe
Moscow, Russia
55.5%
Asia
Shanghai, China
53.7%
South America
Rio de Janeiro, Brazil
53.5%
South America
Buenos Aires, Argentina
50.2%
North America
Mexico City, Mexico
49.4%
Europe
Amsterdam, Netherlands
45.5%
Continent
City
% Correct
South America
Sao Paulo, Brazil
45.5%
North America
Montreal, Canada
44.5%
Oceania
Melbourne, Australia
42.2%
Europe
Stockholm, Sweden
39.6%
Asia
Singapore, Singapore
39.5%
Africa
Cape Town, South Africa
38%
Asia
Bangkok, Thailand
37.2%
Asia
Mumbai, India
35.7%
North America
Dallas, United States
35.2%
Africa
Johannesburg, South Africa
33.3%
Europe
Copenhagen, Denmark
33.2%
Europe
Prague, Czech Republic
32.1%
South America
Santiago, Chile
32%
Asia
Dubai, United Arab Emirates
30.6%
North America
Atlanta, United States
27.3%
North America
Las Vegas, United States
26.5%
Asia
New Delhi, India
21.3%
Europe
Frankfurt, Germany
18.4%
Europe
Krakow, Poland
7.2%
North America
Monterrey, Mexico
5.6%
Quiz Playlist
Details
Report
Send in Message
Add To Playlist
Classic:
Type in answers that appear in a list
Quiz Source
Last Updated: Feb 16, 2017
Quiz Scoreboard
CHALLENGE
Sign Up to Join the Scoreboard
Show All
Scores
Hide
Comments
May contain spoilers
Recently Published
Street Fighter Characters
by Artimus82
Gaming
60s
9x9 Crossword: Cartoon Network
by jackfrog10
Miscellaneous
3m
College Basketball Coaching Resumes
by pancakes188
Sports
9m
More to Explore
Quiz From the Vault
Featured Blog Post
Where Did the Easter Bunny Come From?
hide this ad
You Might Also Like...
Tags
Capital Quiz
City Quiz
Continent Quiz
World Quiz
fashion
global
monitor
Today's Top Quizzes in Geography
Browse Geography
hide this ad
Today's Top Quizzes in Capital
Browse Capital
Top Contributed Quizzes in Geography
1
Countries of the World - No Outlines Minefield
2
Top 25 Cities of France on a map
3
Any capital of a 'B' country per Continent
4
Any capital of a 'C' country per Continent
5
Closest Countries to UK A-Z
6
Any capital of a 'D' country per Continent
7
5-to-1: US Geography No Hints
8
Any capital of an 'E' country per Continent
9
Find the US States - No Outlines
10
Any capital of an 'F' country per Continent
Explore More
Trending Topics
Marvel
Kpop
Disney
Anime
Crossword
Harry Potter
NBA
Puzzle
WWE
Pokémon
NFL
Song
Country
Soccer
The Office
hide this ad
More By:
France
Quiz
Plays
Rating
Category
Featured
Created
Billionaire Countries
208,951
4.50
Geography
Mar 30, 2010
Most Visited Cities in Europe
193,403
4.15
Geography
Jun 14, 2010
Foreign-Born Population: Cities
130,154
4.28
Geography
Apr 4, 2010
Largest Economy World Metros
104,941
4.70
Geography
Feb 14, 2013
Most Visited Cities in Africa
50,216
3.93
Geography
Jun 15, 2010
Go to Creator's Profile
Score Distribution
Quiz Creator Spotlight
France
Follow
Send a Message
Quizzes Created
-
Created Quiz Play Count
-
More By This Creator
Popular Quizzes Today
1
Find the US States - No Outlines Minefield
2
Find the Countries of Europe - No Outlines Minefield
3
The Countries of the World
4
Find the US States
5
Risky Map Clicking: Biggest States A-Z
6
US States
7
Popular People in 1961
8
Movies - When Are They Set?
More Geography Quizzes
Alphabetically Adjacent European Countries
Published
Trending Quizzes
Risky Map Clicking: Least Populous States A-Z
1-10 Letter G Words
Risky Map Clicking: Next State Alphabetically
Adjectives in 80s TV Shows
The Seven Year Switch: Catherine
Recently Updated
Leaping Animals
pecheneg
Reality TV Shows (A-Z)
bhenderson79
Rickey Henderson's Hall of Fame Teammates
pecheneg
Champions League XIs: Arsenal
pecheneg
Quick Pick: Celebrities in WWE's Hall of Fame
aduchscher
A-Z Keypad Blitz II
pecheneg
Multiple Oscar Actors
pecheneg
Mystery Phrase Blitz: Oscar 'Best Actors'
pecheneg
F. Scott Fitzgerald Novels
LTH
Pick 3 Villains
ddd62291
Trending Topics
NBA
Marvel
Harry Potter
Crossword
Kpop
Disney
Anime
Soccer
WWE
Country
The Office
Song
Pokémon
Puzzle
NFL
Your Account Isn't Verified!
In order to create a playlist on Sporcle, you need to verify the email address you used during registration. Go to your
Sporcle Settings
to finish the process.
Report this User
Report this user for behavior that violates our
Community Guidelines
.
Details:
Send Report
Go to the Sporcle.com Mobile Site →
Comments